00456nam a2200193Ia 4500003000900000008004100009040001300050040001300063041000800076100002100084245005000105250000900155260002800164260000900192300001100201300001200212490003200224490000600256IT-RoPAU120407s9999 xx 000 0 und d aIT-RoPAU cIT-RoPAU aita aFilippo Selvaggi aScienza e metodologia. Saggi di epistemologia aRoma aUniversità Gregoriana c1962 a308 p. c21,5 cm aStudi critici sulle scienze v2